|
|
|
|
| LEADER |
01022nam a2200241 a 4500 |
| 001 |
1575726 |
| 008 |
091108s1992 ii b 000 0 eng d |
| 010 |
|
|
|a 92911284
|
| 020 |
|
|
|a 8120714768 :
|c Rs350.00
|
| 040 |
|
|
|a DLC
|c DLC
|d DLC
|
| 082 |
0 |
0 |
|a 891/.1
|2 20
|
| 245 |
0 |
4 |
|a The Girl child in 20th century Indian literature /
|c edited, with an introduction by Viney Kirpal.
|
| 260 |
|
|
|a New Delhi :
|b Sterling Publishers,
|c c1992.
|
| 300 |
|
|
|a xxv, 278 p. ;
|c 23 cm.
|
| 520 |
|
|
|a Contributed research papers.
|
| 504 |
|
|
|a Includes bibliographical references.
|
| 541 |
1 |
|
|e 00019513
|
| 650 |
|
0 |
|a Indic literature
|y 20th century
|x History and criticism.
|
| 650 |
|
0 |
|a Girls in literature.
|
| 700 |
1 |
|
|a Kirpal, Viney.
|
| 852 |
4 |
|
|a Ayesha Abed Library
|j General Shelf
|
| 999 |
|
|
|c 5297
|d 5297
|
| 952 |
|
|
|0 0
|1 0
|2 ddc
|4 0
|6 891_100000000000000_GIR_1992
|7 0
|9 5146
|a BRACUL
|b BRACUL
|c GEN
|d 2009-11-05
|e Radha Chakroborti
|l 1
|o 891.1 GIR
|p 3010019513
|r 2014-05-14
|s 2013-02-18
|t 1
|w 2009-11-09
|y BK
|x Transferred from ENH to Ayesha Abed library on 20/12/2023
|